000 00332nam a2200133Ia 4500
008 240624s9999 xx 000 0 und d
041 _aeng
082 _a332 TVE
100 _aTVEDE LARS
245 _aPSYCHOLOGY OF FINANCE
260 _c1999
_aNew York
_bJohn Wiley & Sons
300 _aviii, : 296 : p. : cm. ; 23
365 _c
_b26
999 _c20132
_d20132